Sklonnosc do eksportu przedsiebiorstwa przemyslowego

Salvato in:
Dettagli Bibliografici
Autore principale: Olszewska, Barbara
Natura: Libro
Lingua:polacco
Pubblicazione: Wroclaw Akademia Ekon. im. Oskara Langego 1991
Edizione:1. wyd.
Serie:Prace naukowe. Nr.562
Tags: Aggiungi Tag
Nessun Tag, puoi essere il primo ad aggiungerne!!

MARC

LEADER 00000nam a2200000 4500
001 c026321
005 20250630093517.3
041 0 |a pol 
044 |a PL 
245 1 0 |a Sklonnosc do eksportu przedsiebiorstwa przemyslowego  |c Barbara Olszewska 
250 |a 1. wyd. 
264 1 |a Wroclaw  |b Akademia Ekon. im. Oskara Langego  |c 1991 
300 |a 136 s. 
490 1 |a Prace naukowe. Nr.562 
830 0 |a Prace naukowe. Nr.562 
100 1 |a Olszewska, Barbara